Hybridné výrobné systémy

Salvato in:
Dettagli Bibliografici
Autore principale: Mesíček, Šimon (Autore)
Altri autori: Morovič, Ladislav (Relatore della tesi)
Natura: Manoscritto Libro
Lingua:slovacco
Pubblicazione: 2021
Soggetti:
Accesso online:http://is.stuba.sk/zp/portal_zp.pl?podrobnosti=159485
Tags: Aggiungi Tag
Nessun Tag, puoi essere il primo ad aggiungerne!!

MARC

LEADER 00000ntm a22000003a 4500
001 stuzp83920
003 SK-STU
005 20210703212346.8
007 ta
008 150427s2015----xo-----f-mn---000-0-slo-d
040 |a STU  |b slo 
041 0 |a slo 
100 1 |a Mesíček, Šimon  |u 063000  |4 aut  |U MTF Materiálovotechnologická fakulta  |T MTF Ústav výrobných technológií  |X 97181  |U M3000  |Y 83  |7 97181 
242 0 1 |a Hybrid manufacturing systems  |y eng 
245 1 0 |a Hybridné výrobné systémy 
260 |c 2021 
650 4 |a hybridné výrobné systémy  |2 slo 
650 4 |a výroba  |2 slo 
650 4 |a výrobný proces  |2 slo 
650 4 |a hybrid production systems  |2 eng 
650 4 |a production  |2 eng 
650 4 |a manufacturing process  |2 eng 
700 1 |a Morovič, Ladislav  |u 063200  |k Z1  |4 ths  |U MTF Ústav výrobných technológií  |T MTF Katedra obrábania a počítačovej podpory technológií  |X 38280  |U M3200  |Y 164  |7 A000038280 
856 4 |u http://is.stuba.sk/zp/portal_zp.pl?podrobnosti=159485 
996 |c M* BP-9144  |l MMSKP  |s P  |a 0  |w stuzp83920_0001